| 000 | 00681nam a2200265Ia 4500 | ||
|---|---|---|---|
| 008 | 160303s9999 xx 000 0 und d | ||
| 020 | _a971-08-6051-8 | ||
| 050 | _aFIL LB 45 | ||
| 050 | _b.T85 2000 c.3 | ||
| 100 | _aTulio, Doris D. | ||
| 245 | _aFoundations of education : | ||
| 245 | _bbook one / | ||
| 245 | _cDoris D. Tulio. | ||
| 260 | _aMandaluyong: | ||
| 260 | _bNational Book Store, | ||
| 260 | _c2000 | ||
| 300 | _a189 pages : | ||
| 300 | _billustrations ; | ||
| 300 | _c22 cm. | ||
| 500 | _aIncludes bibliographical references and index. | ||
| 650 | _aAnthropology -- | ||
| 650 | _aSociology -- | ||
| 650 | _x Education. | ||
| 650 | _x Education. | ||
| 999 |
_c291267 _d291267 |
||